00658nam a22002297a 4500003000500000005001700005008004100022010001000063011001000073035001000083040000900093100002200102245006600124260003700190300001000227490002500237500001100262650005200273650004900325700002900374830002500403CHAP20220329141526.0971013s1989 r 00010 d a69568 a70540 a80021 cCHAP00aSchuh, G. Edward. aHuman capital for agricultural development in Latin América aSan José, C. R. :bIICA,c1989 a39 p. aProgram papersv; 11 a34-22614aAgriculturaxInvestigaciónxAmérica Latina.14aAgriculturaxTrabajadoresxAmérica Latina.0 aAngeli-Schuch, M. Ignez.0 aProgram papersv; 11